000
00287nam a22001337a 4500
008
171202b xxu||||| |||| 00| 0 eng d
020
_a
9780316834032
041
_a
eng
080
_a
32
100
_a
18
101
_a
shp
245
_a
AMERICAN PHARAOH
_c
DALEY, M.R.J
942
_2
udc
_c
BK
999
_c
38746
_d
38746